Determinants of poverty in Kenya: a household level analysis /
Zapisane w:
| 1. autor: | |
|---|---|
| Kolejni autorzy: | , , |
| Format: | Texto |
| Wydane: |
Netherlands:
Institute of Social Studies
|
| Etykiety: |
Dodaj etykietę
Nie ma etykietki, Dołącz pierwszą etykiete!
|
MARC
| LEADER | 00000 a a2200000 04500 | ||
|---|---|---|---|
| 001 | 47018 | ||
| 003 | |||
| 040 | |||
| 100 | |a Geda, Alemayehu | ||
| 245 | |a Determinants of poverty in Kenya: |b a household level analysis / |c Alemayehu Geda, Niek de Jong, Germano Mwabu, Mwangi Kimenyi | ||
| 260 | |a Netherlands: |b Institute of Social Studies | ||
| 700 | |a Jong, Niek de | ||
| 700 | |a Mwabu, Germano | ||
| 700 | |a Kimenyi, Mwangi | ||
| 773 | |g número347, (2001), 22 páginas : tablas | ||
| 999 | |c 21327 |d 21327 | ||
